|
|
|
|
| LEADER |
00000cam a2200000 a 4500 |
| 001 |
UCC9139 |
| 003 |
CL-VaPUC |
| 008 |
190906e20150000sp |||||||||||||||||spa|d |
| 020 |
|
|
|a 9788430965366
|
| 082 |
0 |
4 |
|a 364.15553
|b FRE
|2 21
|
| 100 |
0 |
|
|a Freixes, Teresa
|e author
|9 604024
|
| 700 |
0 |
|
|a Román, Laura
|e author
|9 604025
|
| 700 |
0 |
|
|a Oliveras, Neus
|e author
|9 604026
|
| 700 |
0 |
|
|a Vañó, Raquel
|e author
|9 604027
|
| 245 |
1 |
3 |
|a La orden europea de protección: su aplicación a las víctimas de violencia de género
|
| 250 |
|
|
|a 1a. ed
|
| 300 |
|
|
|a 246 p
|
| 942 |
|
|
|c BK
|
| 945 |
|
|
|d 20190906 13:31:00
|a dcastane
|
| 260 |
|
|
|a Madrid
|b Tecnos
|c 2015
|
| 650 |
|
0 |
|a Violencia de género
|9 535002
|
| 650 |
|
0 |
|a Acoso
|9 521003
|
| 650 |
|
0 |
|a Víctimas
|9 381468
|
| 583 |
|
|
|a last modification
|c 20190906 13:31:00
|k Rodrigo Vera
|
| 999 |
|
|
|c 375333
|d 375331
|
| 952 |
|
|
|0 0
|1 0
|3 erb
|4 0
|6 364_155530000000000_FRE_2015
|7 0
|8 WP_COW
|9 561281
|a BIBDER
|b BIBDER
|e Fundación W and P Cowley
|i 5598583
|o 364.15553 FRE 2015
|p 5598583
|r 2023-01-25
|w 2020-03-12
|y BK
|z Catalogado en:20190906
|k WPC
|